| 000 | 00900cam a22002655i 4500 | ||
|---|---|---|---|
| 001 | 18209820 | ||
| 003 | SISC | ||
| 005 | 20160830143613.0 | ||
| 008 | 140702s2015 cau 000 0 eng | ||
| 010 | _a 2014944801 | ||
| 020 | _a9781446294321 (hardback : alk. paper) | ||
| 020 | _a9781446294338 (pbk. : alk. paper) | ||
| 040 |
_aDLC _beng _erda _cDLC |
||
| 042 | _apcc | ||
| 050 |
_aLC 1201 _b.T253 2015 |
||
| 245 | 1 | 0 |
_aTeaching children & young people with special educational needs & disabilities / _cedited by Sarah Martin-Denham. |
| 250 | _a1st edition. | ||
| 260 |
_aLos Angeles : _bSage, _c2015. |
||
| 263 | _a1503 | ||
| 300 |
_axvii, 211 pages : _billustrations ; _c24 cm. |
||
| 500 | _aIncludes bibliographical references and index. | ||
| 906 |
_a0 _bibc _corignew _d2 _eepcn _f20 _gy-gencatlg |
||
| 942 |
_2lcc _cBK |
||
| 999 |
_c300761 _d300761 |
||